01490cam a2200373 i 4500999001700000001000800017003000900025005001700034008004100051020002400092020001800116040003800134082001900172100004800191240001000239245011000249250002700359264007100386300004600457336002600503337002800529338002700557500007600584504005100660650005000711650005500761651001000816653002200826655002400848700003800872700003500910942001200945952015900957 c16700d167003225862EG-ScBUE20210509085422.0801126s1988 nyua f b 001 0 eng d a0385152132 (pbk.) : a9780385152136 aDLCbengerdacDLCdDLCdEG-ScBUE04a821.7bBLA2221 aBlake, William,d1757-1827,eauthor.92978110aWorks14aThe Complete poetry and prose of William Blake /cedited by David V. Erdman ; commentary by Harold Bloom. aNewly revised edition. 1aNew York :bAnchor Books, a Division of Random House, Inc.,c1988. axxvi, 990 pages :billustrations ;c23 cm 2rdacontentatextbtxt 2rdamediaaunmediatedbn 2rdacarrieravolumebnc aFirst published in 1965 under title: Poetry and prose of William Blake. aIncludes bibliographical references and index. 7929775aIllegitimate childrenvFiction.2BUEsh 7929776aInheritance and successionvFiction.2BUEsh 2BUEsh cMay2012bHHUUEENN vReading book9342321 aErdman, David V.,eeditor.9297821 aBloom, Harold,eeditor.929783 2ddccBB 00102ddc40708BaccahaMAINbMAINc2NDd2012-05-02epurchaseg154.00h15016l1m1o821.7 BLAp000026733r2025-07-15 00:00:00s2025-02-09w2012-05-02yBB